Management information systems (Record no. 4800)
[ view plain ]
| 000 -LEADER | |
|---|---|
| fixed length control field | 00286nam a22000977a 4500 |
| 005 - DATE AND TIME OF LATEST TRANSACTION | |
| control field | 20250901165505.0 |
| 008 - FIXED-LENGTH DATA ELEMENTS--GENERAL INFORMATION | |
| fixed length control field | 210512b |||||||| |||| 00| 0 eng d |
| 050 ## - LIBRARY OF CONGRESS CALL NUMBER | |
| Classification number | T 58.6 .L83 2005 |
| 245 ## - TITLE STATEMENT | |
| Title | Management information systems |
| Statement of responsibility, etc. | LUCEY, TERRY |
| 942 ## - ADDED ENTRY ELEMENTS (KOHA) | |
| Source of classification or shelving scheme | Library of Congress Classification |
| Classification part | T 58.6 .L83 2005 |
| Withdrawn status | Lost status | Source of classification or shelving scheme | Damaged status | Not for loan | Home library | Current library | Shelving location | Date acquired | Total checkouts | Full call number | Barcode | Date last seen | Price effective from | Koha item type |
|---|---|---|---|---|---|---|---|---|---|---|---|---|---|---|
| Library of Congress Classification | Main Library | Main Library | 05/12/2021 | T 58.6 .L83 2005 | PIU0001505 | 05/12/2021 | 05/12/2021 | Books |